TV Shows by Comic Book Costume Quiz Stats

 Plays Quiz Updated Feb 5, 2015

Challenge
Share
Tweet
Score 0/15 Timer 06:00
0 Plays Today
% Correct
The Simpsons
99.3%
South Park
97.9%
Family Guy
95.8%
Friends
94.8%
The Big Bang Theory
93%
That '70s Show
88.9%
The Office
87.9%
Modern Family
81.4%
% Correct
Scrubs
81.1%
It's Always Sunny in Philadelphia
72.6%
Family Matters
72.3%
Bones
71.7%
Arrested Development
67.4%
Community
63.6%
The Goldbergs
15.8%

You're not logged in!

Compare scores with friends on all Sporcle quizzes.
Join for Free
OR
Log In

You Might Also Like...

Show Comments

Extras

Top Quizzes Today


Score Distribution

Your Account Isn't Verified!

In order to create a playlist on Sporcle, you need to verify the email address you used during registration. Go to your Sporcle Settings to finish the process.

Report this User

Report this user for behavior that violates our Community Guidelines.

Details: